Sú moderní manažéri aj na úradoch?

Úloha vzdelávania v príprave úradníkov a vedúcich úradníkov, manažérov. Vlastnosti dobrého manažéra. Manažér môže svoje schopnosti rozvíjať, dopĺňať svoju kompetentnosť. Vzdelávacie programy, metódy vzdelávacích programov, lektori. Lektor, okrem vzdelania, musí mať aj manažérsku skúsenosť.

Gespeichert in:
Bibliographische Detailangaben
1. Verfasser: Bábek, Radomil
Format: Buchkapitel
Sprache:Slowakisch
Schlagworte:
Tags: Tag hinzufügen
Keine Tags, Fügen Sie das erste Tag hinzu!

MARC

LEADER 00000naa$a2200000$$$4500
001 0041478
005 20231016084953.1
041 0 |a slo 
044 |a SK 
245 1 0 |a Sú moderní manažéri aj na úradoch?  |c Radomil Bábek 
520 |a Úloha vzdelávania v príprave úradníkov a vedúcich úradníkov, manažérov. Vlastnosti dobrého manažéra. Manažér môže svoje schopnosti rozvíjať, dopĺňať svoju kompetentnosť. Vzdelávacie programy, metódy vzdelávacích programov, lektori. Lektor, okrem vzdelania, musí mať aj manažérsku skúsenosť. 
610 2 0 |a manažéri 
610 2 0 |a vzdelávanie 
610 2 0 |a vzdelávanie ďalšie 
610 2 0 |a programy 
610 2 0 |a metódy 
610 2 0 |a úrady 
100 1 |a Bábek, Radomil